书目信息 |
| 题名: |
南极探险记
|
|
| 作者: | 阿蒙森 著 ;李雪 , 赵玉敏 译 | |
| 分册: | 下篇 | |
| 出版信息: | 北京 商务印书馆 2017 |
|
| 页数: | 297-569页 | |
| 开本: | 21cm | |
| 丛书名: | 极地探险家自述丛书 | |
| 单 册: | ||
| 中图分类: | N816.61 | |
| 科图分类: | ||
| 主题词: | ||
| 电子资源: | ||
| ISBN: | 978-7-100-15033-0 | |
| 000 | 01140oam2 2200313 45 | |
| 001 | 012001000258 | |
| 005 | 20180920112049.87 | |
| 010 | @a978-7-100-15033-0@dCNY34.00 | |
| 100 | @a20180217d2017 em y0chiy50 ea | |
| 101 | 1 | @achi@cnor |
| 102 | @aCN@b110000 | |
| 105 | @ay z 000yy | |
| 106 | @ar | |
| 200 | 1 | @a南极探险记@9Nan Ji Tan Xian Ji@dThe South Pole@h下篇@f(挪)罗阿尔·阿蒙森(Roald Amundsen)著@g李雪,赵玉敏译@zeng@F( Nuo) Luo A Er· A Meng Sen(Roald Amundsen) Zhu@PNLAEAMSRAZ |
| 210 | @a北京@c商务印书馆@d2017 | |
| 215 | @a297-569页@d21cm | |
| 225 | 1 | @a极地探险家自述丛书 |
| 300 | @a并列题名:South Pole | |
| 305 | @a据BiblioBazaar公司2008年版译出 | |
| 330 | @a本书以第一人称讲述了挪威极地探险家阿蒙森及其探险队历尽艰辛,闯过难关,在去往南极大陆的科考途中发生的故事。 | |
| 461 | 0 | @12001 @a极地探险家自述丛书 |
| 510 | 1 | @aSouth Pole@zeng |
| 607 | @a南极@x探险 | |
| 690 | @aN816.61@v5 | |
| 701 | 0 | @c(挪)@a阿蒙森@9A Meng Sen@c(Amundsen,Roald@f1872~1928)@4著 |
| 702 | 0 | @a李雪@9Li Xue@4译 |
| 702 | 0 | @a赵玉敏@9Zhao Yu Min@4译 |
| 801 | 0 | @aCN@b上海新华@c20180901 |
| 905 | @b1041278-82@dN816.61@e19:2@f5 | |
| 南极探险记=The South Pole.下篇/(挪)罗阿尔·阿蒙森(Roald Amundsen)著/李雪,赵玉敏译.-北京:商务印书馆,2017 |
| 297-569页;21cm.-(极地探险家自述丛书) |
| 并列题名:South Pole |
| ISBN 978-7-100-15033-0:CNY34.00 |
| 本书以第一人称讲述了挪威极地探险家阿蒙森及其探险队历尽艰辛,闯过难关,在去往南极大陆的科考途中发生的故事。 |
| ● |
| 相关链接 |
|
|
|
|
正题名:南极探险记
索取号:N816.61/19:2
 
预约/预借
| 序号 | 登录号 | 条形码 | 馆藏地/架位号 | 状态 | 备注 |
| 1 | 1041278 | 210412784 | 第二样本阅览室/ [索取号:N816.61/19:2] | 在馆 | |
| 2 | 1041279 | 210412793 | 第三借阅区/ [索取号:N816.61/19:2] | 在馆 | |
| 3 | 1041280 | 210412800 | 第三借阅区/ [索取号:N816.61/19:2] | 在馆 | |
| 4 | 1041281 | 210412819 | 第三借阅区/ [索取号:N816.61/19:2] | 在馆 | |
| 5 | 1041282 | 210412828 | 密集书库-资源管理系/ [索取号:N816.61/19:2] | 在馆 |